Szczegóły MARC21

Theodor Fontane : 1819-1969 : Stationen seines Werkes : eine Ausstellung des Deutschen Literaturarchivs im Schiller-Nationalmuseum Marbach a. N. /

003 -Nazwa inst., której nr kontr. jest w polu 001 [,]
    • @
    • Nazwa instytucji, której n kontrolny jest w polu 001
    • NUKAT
005 -DATA I CZAS OSTATNIEJ MODYFIKACJI [,]
    • @
    • pole kontrolne
    • 20241231112714.0
040 -Instytucja sporządzająca opis [ , ]
    • a
    • Instytucja, która sporządziła opis (NP)
    • NUKAT
    • c
    • Instytucja, która sporządziła rekord (NP)
    • OLSZT 003/WD
    • d
    • Instytucja, która zmodyfikowała rekord (P)
    • OLSZT 003/baks
    • d
    • Instytucja, która zmodyfikowała rekord (P)
    • OLSZT 003/bak
    • d
    • Instytucja, która zmodyfikowała rekord (P)
    • WR U/bk
942 -Rodzaj dokumentu [ , ]
    • c
    • Rodzaj dokumentu
    • Książka
245 -Strefa tytułu i oznaczenia odpowiedzialności [0,0]
    • a
    • Tytuł
    • Theodor Fontane : Find
    • b
    • Ciąg dalszy tytułu (NP)
    • 1819-1969 : Stationen seines Werkes : eine Ausstellung des Deutschen Literaturarchivs im Schiller-Nationalmuseum Marbach a. N. / Find
    • c
    • Pozostałe elementy strefy tytułu i oznaczenia odpowiedzialności (NP)
    • [hrsg. von Bernhard Zeller ; Ausstellung und Katalog von Walther Migge ; unter Mitarb. von Anneliese Hofmann und Ingrid Bode].
260 -Strefa adresu wydawniczego [ , ]
    • a
    • Miejsce wydania (P)
    • Marbach a. N. :
    • b
    • Nazwa wydawcy (P)
    • Schiller-Nationalmuseum,
    • c
    • Data wydania (P)
    • 1969.
300 -Strefa opisu fizycznego [ , ]
    • a
    • Określenie formy książki i/lub objętość (NP)
    • 239 s., [24] s. tabl. :
    • b
    • Oznaczenie ilustracji (NP)
    • il. ;
    • c
    • Format (NP)
    • 21 cm.
336 -Typ zawartości [ , ]
    • a
    • Termin opisujący typ zawartości
    • Tekst
    • b
    • Kod określający zawartość
    • txt
    • 2
    • Źródło (terminu i kodu)
    • rdacontent
337 -Typ mediów [ , ]
    • a
    • Tryb odtwarzania
    • Bez urządzenia pośredniczącego
    • b
    • Kod typu mediów
    • n
    • 2
    • Źródło (terminu i kodu)
    • rdamedia
338 -Typ/rodzaj nośnika [ , ]
    • a
    • Hasło opisujące typ nośnika
    • Wolumin
    • b
    • Kod typu nośnika
    • nc
    • 2
    • Źródło (terminu i kodu)
    • rdacarrier
490 -Strefa serii i książki wielotomowej - forma nie do wyszukiwania [1, ]
    • a
    • Tytuł (P)
    • Sonderausstellungen des Schiller-Nationalmuseums : Katalog ; Find
    • v
    • Numeracja (P)
    • Nr. 20
830 -Hasło dodatkowe serii i opisu książki wielotomowej - tytuł ujednolicony/tytuł [ ,0]
    • a
    • Tytuł ujednolicony/tytuł (NP)
    • Sonderausstellungen des Schiller-Nationalmuseums
    • v
    • Oznaczenie tomu (NP)
    • Nr. 20
    • 9
    • KHW
    • 543292
504 -Uwaga dot. bibliogr. załącznikowej [ , ]
    • a
    • Uwaga dot. bibliografii załącznikowej
    • Indeks.
080 -Uniwersalna Klasyfikacja Dziesiętna [ , ]
    • a
    • Symbol klasyfikacji
    • 830-6
080 -Uniwersalna Klasyfikacja Dziesiętna [ , ]
    • a
    • Symbol klasyfikacji
    • :830(091)"1819/1898"
080 -Uniwersalna Klasyfikacja Dziesiętna [ , ]
    • a
    • Symbol klasyfikacji
    • :929 Fontane Th. (061.4)=30
600 -Hasło przedmiotowe w formie nazwy osobowej [1,7]
    • a
    • Nazwa osobowa
    • Fontane, Theodor
    • d
    • Daty związane z nazwą
    • (1819-1898)
    • v
    • Określnik formalny
    • katalogi wystaw.
    • 2
    • Źródło terminu
    • kaba
    • 9
    • KHW
    • 503793
980 -Symbol UKD [ , ]
    • a
    • UKD
    • 830-6:830(091)"1819/1898":929] Fontane Th. (061.4)]=30
700 -Hasło dodatkowe - nazwa osobowa [1, ]
    • a
    • Nazwa osobowa (NP)
    • Hannich-Bode, Ingrid. Find
    • 9
    • KHW
    • 540269
700 -Hasło dodatkowe - nazwa osobowa [1, ]
    • a
    • Nazwa osobowa (NP)
    • Hofmann, Anneliese. Find
    • 9
    • KHW
    • 632249
700 -Hasło dodatkowe - nazwa osobowa [1, ]
    • a
    • Nazwa osobowa (NP)
    • Migge, Walther. Find
    • 9
    • KHW
    • 449033
700 -Hasło dodatkowe - nazwa osobowa [1, ]
    • a
    • Nazwa osobowa (NP)
    • Zeller, Bernhard Find
    • d
    • Daty biograficzne (NP)
    • (1919-2008).
    • e
    • Określenie rodzaju współpracy
    • Red.
    • 9
    • KHW
    • 258411
730 -Hasło dodatkowe - tytuł ujednolicony [0, ]
    • a
    • Tytuł ujednolicony (NP)
    • Katalog wystawy (Schiller-Nationalmuseum ; Marbach a. N. ; 1969)
    • 9
    • KHW
    • 632250
Status udost. Lokalizacja Data inwentaryzacji Sygnatura Numer inwentarzowy
-3BM1995-10-10Germ. Literaturozn. - Fontane 07G.11119